000 01540nam0a22003011 4500
001 rc\5222
005 20021204101718.6
010 _a5-86004-097-0
_91000
035 _a(NLR Aleph) 005295222
090 _a6231914
_c6231914
100 _a20021204d1997 u |0rusy50 ca
101 0 _arus
102 _aRU
105 _aa |||||||||
200 1 _aПризванные Отечеством
_eРос. прокуроры, 1722-1917
210 _aМ.
_cРосспэн
_d1997
215 _a815 с.
_cпортр.
_d29
300 _aПосвящ. 275-летию образования Рос. прокуратуры
320 _aБиблиогр.: с 799-803
327 0 _aСодерж.: О П.И. Ягужинском, Н.Ю. Трубецком, Я.П. Шаховском, А.И. Глебове, А.А. Вяземском, А.Н. Самойлове, А.Б. Куракине, А.А. Беклешове, П.Х. Обольянинове, Г.Р. Державине и др.
464 0 _12001#$aО П.И. Ягужинском, Н.Ю. Трубецком, Я.П. Шаховском, А.И. Глебове, А.А. Вяземском, А.Н. Самойлове, А.Б. Куракине, А.А. Беклешове, П.Х. Обольянинове, Г.Р. Державине
700 1 _aЗвягинцев
_bА. Г.
_f1948-
_gАлександр Григорьевич
701 1 _aОрлов
_bЮ. Г.
_gЮрий Григорьевич
801 0 _aRU
_bNLR
_gpsbo
801 1 _aRU
_bELAR
_2rusmarc
852 _aNLR
_j97-8/708
942 _cBOOK
980 _aNB